004550000a22001330004500090001700000245007500017041001400092700003700106700004100143100004200184942001300226773006500239999001700304 aASbSeriadas10aCariotipo de dos especies de Osornophryne (Amphibia: Anura: Bufonidae)0 aEspañol1 aRuíz Carranza, Pedro M.9941871 aHernández Camacho, Jorge I.9410601 aArdila Robayo, María Cristina94334 cARTICULO1 tTrianeakActa Científica y Tecnológicah2q551-562d1988 c16173d16173